000 00854cam a22002531 4500
001 sa 66001552
003 DLC
005 20260227112223.0
008 830608s1965 ii 000 0 eng
010 _asa 66001552
035 _a(OCoLC)9586512
040 _aDLC
_cViU-L
_dOCoLC
_dDLC
042 _apremarc
043 _aa-ii---
050 0 0 _aLAW <India 6 Desai>
100 1 _aDesai, B. R.
_q(Balwantrai R.)
245 0 0 _aB. R. Desai's All-India point-noted index of overruled and reversed criminal cases, 1811-1965.
_cEdited by S. K. Aggarwal.
260 _aAllahabad,
_bLaw Book Co.,
_c1965.
300 _axxv, 144 p.
_c22 cm.
650 0 _aCriminal law
_zIndia
_vDigests.
650 0 _aAnnotations and citations (Law)
_zIndia.
700 1 _aAgrawal, S. K.
_eed.
740 0 _aAll-India point-noted index of overruled and reversed criminal cases.
999 _c67866
_d67866